00506nam a2200217Ia 4500008004100000020001400041041001200055082000800067082001100075100001900086100001100105245003000116260001700146260003000163260000900193300001500202365002500217650001400242650001900256650001300275150909s9999 xx 000 0 und d a716705311 aEnglish a150 bTHO/PR aThompson R F  eAuthor aProgress in psychobiology aSanfrancisco bW . H Freeman and Company c1976 a392 Pages aRs .196 .00  aBehaviour abrain activity ahormones